Vanishing Georgia. (Record no. 1632)

000 -LEADER
fixed length control field 01160nam a22003617a 4500
001 - CONTROL NUMBER
control field 1387651
003 - CONTROL NUMBER IDENTIFIER
control field OSt
005 - DATE AND TIME OF LATEST TRANSACTION
control field 20210427080058.0
008 - FIXED-LENGTH DATA ELEMENTS--GENERAL INFORMATION
fixed length control field 820329s1982 gaua s000 0 eng
010 ## - LIBRARY OF CONGRESS CONTROL NUMBER
LC control number 82004764
020 ## - INTERNATIONAL STANDARD BOOK NUMBER
International Standard Book Number 0820306282
020 ## - INTERNATIONAL STANDARD BOOK NUMBER
International Standard Book Number 0820316318
040 ## - CATALOGING SOURCE
Original cataloging agency DLC
Transcribing agency DLC
Modifying agency DLC
Language of cataloging eng
041 ## - LANGUAGE CODE
Language code of text/sound track or separate title eng
043 ## - GEOGRAPHIC AREA CODE
Geographic area code n-us-ga
050 00 - LIBRARY OF CONGRESS CALL NUMBER
Classification number F287
Item number .G27 1982
080 ## - UNIVERSAL DECIMAL CLASSIFICATION NUMBER
Universal Decimal Classification number 008
Item number V-26
082 00 - DEWEY DECIMAL CLASSIFICATION NUMBER
Classification number 306/.09758
Edition number 19
110 1# - MAIN ENTRY--CORPORATE NAME
Corporate name or jurisdiction name as entry element Georgia.
Subordinate unit Department of Archives and History.
245 10 - TITLE STATEMENT
Title Vanishing Georgia.
Statement of responsibility, etc. / by: University of Georgia Press
260 ## - PUBLICATION, DISTRIBUTION, ETC.
Place of publication, distribution, etc. Athens
Name of publisher, distributor, etc. University of Georgia Press
Date of publication, distribution, etc. c1982.
300 ## - PHYSICAL DESCRIPTION
Extent 225 p.
Other physical details chiefly ill.
Dimensions 22 x 29 cm.
650 #0 - SUBJECT ADDED ENTRY--TOPICAL TERM
Topical term or geographic name entry element City and town life
Geographic subdivision Georgia
General subdivision Pictorial works.
650 #0 - SUBJECT ADDED ENTRY--TOPICAL TERM
Topical term or geographic name entry element Culture
9 (RLIN) 493
651 #0 - SUBJECT ADDED ENTRY--GEOGRAPHIC NAME
Geographic name Georgia
General subdivision Pictorial works.
651 #0 - SUBJECT ADDED ENTRY--GEOGRAPHIC NAME
Geographic name Georgia
General subdivision Social life and customs
-- Pictorial works.
653 ## - INDEX TERM--UNCONTROLLED
Uncontrolled term კულტურა
653 ## - INDEX TERM--UNCONTROLLED
Uncontrolled term სოციალური ცხოვრება და ტრადიციები
906 ## - LOCAL DATA ELEMENT F, LDF (RLIN)
a 7
b cbc
c orignew
d 1
e ocip
f 19
g y-gencatlg
942 ## - ADDED ENTRY ELEMENTS (KOHA)
Source of classification or shelving scheme
Koha item type Books
Holdings
Withdrawn status Lost status Source of classification or shelving scheme Damaged status Not for loan Permanent location Current location Date acquired Inventory number Total Checkouts Full call number Barcode Date last seen Price effective from Koha item type
          Ken Walker International University Ken Walker International University 02/22/2021 1453   008 V-26 1453 02/22/2021 02/22/2021 Books

Powered by Koha